000 00630nam a22001937a 4500
999 _c160595
_d160595
005 20190213143319.0
010 _aENG-124743
020 _a9788186772713
_c1195.00
035 _aEN-108275
037 _bDBAD/PUB
082 _a599
100 _aHoussay, Frederic
245 _aThe industries of animals/
_cby Fredric Houssay
260 _aNew Delhi
_bNew Academic Publishers
_c2016
270 _a4760-61. 23, Ansari Road, Daryaganj
_bNew Delhi
_e110002
_k011-23282663, 011-22413394
_mnapindia@newacademicpublishers.com
300 _a163p.
_c24cm(Hb)
500 _aincludes index
942 _2ddc
_cEN
_h599
_mFRE